000 00479nam a2200157Ia 4500
005 20250326141020.0
008 250326s9999 xx 000 0 und d
037 _aTextbook
040 _aFMSL
_beng
_cFMSL
041 _aeng
_2eng
084 _aX:80bS56 N8
_qFMSL
245 0 _aStress, culture and community: The psychology and philosophy of stress
260 _aNew York
_bNew York, Plenum press
_c1998
942 _cTB
_hX:80bS56 N8
999 _c1288305
_d1288305